[Event "CFriend SL-2005-0-00031 email"]
[Site "Chessfriend.com"]
[Date "2005.05.12"]
[Round "1"]
[White "Ausan, Leo Tito Jr"]
[Black "Riker, James"]
[Result "1-0"]
[WhiteElo "1380"]
[BlackElo "750"]
[PlyCount "37"]
[EventDate "2005.??.??"]
[EventType "tourn (corr)"]
[EventRounds "6"]
[SourceTitle "Corr 2008"]
[Source "ChessBase"]
[SourceDate "2008.06.24"]
[SourceVersion "1"]
[SourceVersionDate "2008.06.24"]
[SourceQuality "1"]

1. e4 c5 2. Nf3 d6 3. d4 cxd4 4. Nxd4 Nf6 5. Nc3 a6 6. Bc4 g6 7. f3 Bg7 8. Be3 Qc7 9. Bb3 0-0 10. Qd2 Nc6 11. 0-0-0 Na5 12. h4 Nxb3+ 13. axb3 b5 14. h5 Nxh5 15. Nd5 Qd8 16. g4 Ng3 17. Nc6 Qd7 18. Ncxe7+ Kh8 19. Rxh7+ 1-0

[Event "CFriend SL-2003-0-00013 email"]
[Site "Chessfriend.com"]
[Date "2003.10.27"]
[Round "?"]
[White "Riker, James"]
[Black "Pott, Brian"]
[Result "0-1"]
[WhiteElo "784"]
[BlackElo "1607"]
[PlyCount "60"]
[EventDate "2003.10.27"]
[EventType "tourn (corr)"]
[EventRounds "12"]
[SourceTitle "Corr 2008"]
[Source "ChessBase"]
[SourceDate "2008.06.24"]
[SourceVersion "1"]
[SourceVersionDate "2008.06.24"]
[SourceQuality "1"]

1. e4 c5 2. Nf3 d6 3. d4 cxd4 4. Nxd4 Nf6 5. Nc3 g6 6. Bg5 Bg7 7. Qd2 Nc6 8. Bb5 Bd7 9. 0-0 h6 10. Bxf6 Bxf6 11. Nxc6 bxc6 12. Bc4 Bg7 13. Rad1 0-0 14. f4 Qb6+ 15. Kh1 Qxb2 16. Ne2 Rab8 17. Bb3 Bg4 18. Rde1 Bxe2 19. Rxe2 Qd4 20. Qxd4 Bxd4 21. h3 Kg7 22. g4 g5 23. f5 Rh8 24. Kg2 h5 25. Kg3 hxg4 26. hxg4 Be5+ 27. Kf3 Rh3+ 28. Kf2 Rbh8 29. Ke1 Rg3 30. Rff2 Bc3+ 0-1

[Event "IECG RL.2003.0.00013 email"]
[Site "IECG email"]
[Date "2003.09.09"]
[Round "?"]
[White "Riker, James"]
[Black "Weinert, Lee"]
[Result "0-1"]
[WhiteElo "859"]
[BlackElo "800"]
[PlyCount "130"]
[EventDate "2003.09.09"]
[EventType "tourn (corr)"]
[EventRounds "6"]
[SourceTitle "Corr 2024"]
[Source "ChessBase"]
[SourceDate "2023.10.19"]
[SourceVersion "1"]
[SourceVersionDate "2023.10.19"]
[SourceQuality "1"]

1. e4 e5 2. Nf3 Nc6 3. Bb5 a6 4. Ba4 Bc5 5. 0-0 Qf6 6. c3 Nge7 7. Re1 d6 8. d4 b5 9. Bb3 exd4 10. a4 dxc3 11. bxc3 b4 12. Bb2 Qh6 13. Bd5 0-0 14. e5 Bb7 15. cxb4 Bxb4 16. Re4 Nxd5 17. Rh4 Ne3 18. Qd3 Qg6 19. Qxe3 Qc2 20. Bc3 Qd1+ 21. Ne1 Bxc3 22. Qxc3 dxe5 23. Nd2 Qe2 24. Nef3 Rfd8 25. Re1 Qd3 26. Ne4 Qxc3 27. Nxc3 f6 28. Rc4 Rd7 29. Na2 Ne7 30. Rcc1 Bxf3 31. gxf3 Nf5 32. Kg2 Ra7 33. Red1 Rxd1 34. Rxd1 c5 35. Nc3 Rc7 36. Nd5 Rc6 37. f4 Kf7 38. Kf3 Nd6 39. Rc1 e4+ 40. Ke3 f5 41. Nb4 Rb6 42. Nd5 Rb3+ 43. Ke2 c4 44. Nc7 Ra3 45. Nxa6 Rxa4 46. Nc7 Ra3 47. Nd5 Ke6 48. Nc7+ Kd7 49. Nd5 Rf3 50. Nb6+ Ke6 51. Nxc4 Nxc4 52. Rxc4 Rxf4 53. Ra4 Rh4 54. Ra6+ Ke5 55. Ke3 Rxh2 56. Ra5+ Kf6 57. f3 Rh3 58. Ra6+ Kg5 59. Kf2 Rxf3+ 60. Ke2 h5 61. Ra1 h4 62. Rg1+ Kh6 63. Rh1 h3 64. Rg1 g5 65. Rh1 g4 0-1

[Event "IECG QN.2003.0.00288 email "]
[Site "IECG email"]
[Date "2003.08.19"]
[Round "?"]
[White "McNally, Tony"]
[Black "Riker, James"]
[Result "0-1"]
[WhiteElo "800"]
[BlackElo "859"]
[PlyCount "52"]
[EventDate "2003.08.19"]
[EventType "tourn (corr)"]
[EventRounds "6"]
[SourceTitle "Corr 2008"]
[Source "ChessBase"]
[SourceDate "2008.06.24"]
[SourceVersion "1"]
[SourceVersionDate "2008.06.24"]
[SourceQuality "1"]

1. d4 d5 2. Nf3 Bg4 3. b3 e6 4. Bb2 c5 5. e3 Nf6 6. Nbd2 Nc6 7. Bd3 a6 8. 0-0 cxd4 9. exd4 Bd6 10. c4 0-0 11. Qc2 Bf5 12. cxd5 Bxd3 13. Qxd3 exd5 14. Rfe1 Qd7 15. Ne5 Qc7 16. f4 Nb4 17. Qf5 Qc2 18. Qxc2 Nxc2 19. Rec1 Nxa1 20. Bxa1 Rac8 21. Rc3 Bb4 22. Nb1 Bxc3 23. Nxc3 Rfd8 24. h3 Ne4 25. Nxe4 dxe4 26. Nc4 b5 0-1

[Event "IECG QF.2003.0.00030"]
[Site "IECG email"]
[Date "2003.01.18"]
[Round "2"]
[White "Mathes, Christian"]
[Black "Riker, James"]
[Result "1-0"]
[WhiteElo "1055"]
[BlackElo "1037"]
[PlyCount "101"]
[EventDate "2003.01.18"]
[EventType "tourn (corr)"]
[EventRounds "6"]
[SourceTitle "Corr 2008"]
[Source "ChessBase"]
[SourceDate "2008.06.24"]
[SourceVersion "1"]
[SourceVersionDate "2008.06.24"]
[SourceQuality "1"]

1. d4 Nf6 2. c4 g6 3. g3 Bg7 4. Bg2 0-0 5. Nf3 c6 6. 0-0 d5 7. cxd5 Nxd5 8. e4 Nf6 9. Nc3 Bg4 10. Be3 Nbd7 11. h3 Bxf3 12. Bxf3 Rc8 13. e5 Nd5 14. Nxd5 cxd5 15. Bxd5 Qb6 16. Qb3 Qxb3 17. Bxb3 e6 18. Rac1 Rxc1 19. Rxc1 Nb6 20. Rc7 Rb8 21. Bg5 h6 22. Bd2 Na8 23. Rd7 Nb6 24. Rc7 Na8 25. Rc2 Nb6 26. f4 Rd8 27. Be3 Nd5 28. Bxd5 exd5 29. Rc7 Rb8 30. Rd7 a6 31. Rxd5 Rc8 32. Rc5 Rxc5 33. dxc5 Kf8 34. Kg2 Ke7 35. Kf3 Kd7 36. Ke4 Kc6 37. b4 Bh8 38. g4 Bg7 39. f5 gxf5+ 40. gxf5 h5 41. a4 Bf8 42. Kd4 b6 43. Kc4 b5+ 44. axb5+ axb5+ 45. Kd4 Be7 46. f6 Bd8 47. Ke4 Bc7 48. e6 fxe6 49. f7 Kd7 50. f8Q h4 51. Qf7+ 1-0

[Event "IECG QF.2003.0.00030"]
[Site "IECG email"]
[Date "2003.01.18"]
[Round "1"]
[White "Riker, James"]
[Black "Mathes, Christian"]
[Result "0-1"]
[WhiteElo "1037"]
[BlackElo "1055"]
[PlyCount "72"]
[EventDate "2003.01.18"]
[EventType "tourn (corr)"]
[EventRounds "6"]
[SourceTitle "Corr 2008"]
[Source "ChessBase"]
[SourceDate "2008.06.24"]
[SourceVersion "1"]
[SourceVersionDate "2008.06.24"]
[SourceQuality "1"]

1. d4 e6 2. Nc3 d5 3. Nf3 Nf6 4. Bf4 c5 5. e3 a6 6. a3 Nc6 7. Be2 Be7 8. 0-0 0-0 9. Qd2 cxd4 10. Nxd4 Bd7 11. Rad1 Rc8 12. Rfe1 Na5 13. b3 Bxa3 14. Bd3 Bb4 15. e4 Bxc3 16. Qxc3 Rxc3 17. Bd6 Re8 18. Bb4 Rc8 19. e5 Nh5 20. c3 Nf4 21. Bc2 Ng6 22. Ra1 Nc6 23. Nxc6 Rxc6 24. Bxg6 hxg6 25. Re3 Qb6 26. Rd1 a5 27. Bxa5 Qxa5 28. Rc1 d4 29. b4 Qxb4 30. Re4 Rxc3 31. Ree1 Rec8 32. Rxc3 dxc3 33. h3 c2 34. Kh2 Qxe1 35. f4 c1Q 36. h4 Qxh4# 0-1